000 00482 a2200157 4500
999 _c60563
_d60563
005 20230906104410.0
008 230906s1989 enk||||| |||| 00| 0 eng d
020 _a0859892395
041 _aeng
080 _a72.071.4 R-75
245 _aRoman Public Buildings /
_cEdited by Ian M. Barton.
264 _c1989.
_aExeter,
300 _a177 p. :
_bill.;
_c21 cm.
653 _aრომაული საზოგადოებრივი შენობები
942 _2udc
_cBK